Angry Birds 2: Birds by Picture - Statistics

General Stats
  • This quiz has been taken 54 times
  • The average score is 10 of 12
Answer Stats
Picture Answer % Correct
Chuck
97%
Bomb
94%
Red
94%
Matilda
84%
Hal
81%
Terence
81%
Stella
78%
The Blues
78%
Silver
75%
Bubbles
72%
Leonard
69%
Melody
53%
No matching quizzes found
Score Distribution
Percent of People with Each Score
Percentile by Number Answered
Your Score History
You have not taken this quiz